Concepts of epidemiology : (Record no. 1530)

MARC details
000 -LEADER
fixed length control field 01846cam a22003977i 4500
001 - CONTROL NUMBER
control field data
005 - DATE AND TIME OF LATEST TRANSACTION
control field 20260322212105.0
008 - FIXED-LENGTH DATA ELEMENTS--GENERAL INFORMATION
fixed length control field data
035 ## - SYSTEM CONTROL NUMBER
System control number 19145193
010 ## - LIBRARY OF CONGRESS CONTROL NUMBER
LC control number 2016945263
015 ## - NATIONAL BIBLIOGRAPHY NUMBER
National bibliography number GBB6C2488
Source bnb
016 7# - NATIONAL BIBLIOGRAPHIC AGENCY CONTROL NUMBER
Record control number 017998934
Source Uk
020 ## - INTERNATIONAL STANDARD BOOK NUMBER
International Standard Book Number 9780198739685
Qualifying information (paperback)
020 ## - INTERNATIONAL STANDARD BOOK NUMBER
International Standard Book Number 0198739680
Qualifying information (paperback)
035 ## - SYSTEM CONTROL NUMBER
System control number (OCoLC)964370513
040 ## - CATALOGING SOURCE
Original cataloging agency EQO
Language of cataloging eng
Transcribing agency EQO
Description conventions rda
Modifying agency DLC
-- PAU
-- MUU
-- DLC
042 ## - AUTHENTICATION CODE
Authentication code lccopycat
050 00 - LIBRARY OF CONGRESS CALL NUMBER
Classification number RA650
Item number .B48 2016
082 04 - DEWEY DECIMAL CLASSIFICATION NUMBER
Classification number 614.4
Edition information 23
100 1# - MAIN ENTRY--PERSONAL NAME
Personal name Bhopal, Raj S.,
Relator term author.
245 10 - TITLE STATEMENT
Title Concepts of epidemiology :
Remainder of title integrating the ideas, theories, principles, and methods of epidemiology /
Statement of responsibility, etc. Raj Bhopal.
250 ## - EDITION STATEMENT
Edition statement Third edition.
264 #1 - PRODUCTION, PUBLICATION, DISTRIBUTION, MANUFACTURE, AND COPYRIGHT NOTICE
Place of production, publication, distribution, manufacture New York :
Name of producer, publisher, distributor, manufacturer Oxford University Press,
Date of production, publication, distribution, manufacture, or copyright notice 2016.
300 ## - PHYSICAL DESCRIPTION
Extent xxxv, 441 pages :
Other physical details illustrations ;
Dimensions 25 cm
336 ## - CONTENT TYPE
Content type term text
Source rdacontent
337 ## - MEDIA TYPE
Media type term unmediated
Source rdamedia
338 ## - CARRIER TYPE
Carrier type term volume
Source rdacarrier
500 ## - GENERAL NOTE
General note First edition published in 2002. Second edition published in 2008.
504 ## - BIBLIOGRAPHY, ETC. NOTE
Bibliography, etc. note Includes bibliographical references and index.
520 ## - SUMMARY, ETC.
Summary, etc. Epidemiology is a population science that underpins health improvement and health care, by exploring and establishing the pattern, frequency, trends, and causes of a disease. Concepts of Epidemiology comprehensively describes the application of core epidemiological concepts and principles to readers interested in population health research, policy making, health service planning, health promotion, and clinical care.
650 #0 - SUBJECT ADDED ENTRY--TOPICAL TERM
Topical term or geographic name entry element Epidemiology.
650 #7 - SUBJECT ADDED ENTRY--TOPICAL TERM
Topical term or geographic name entry element Epidemiology.
Source of heading or term fast
Authority record control number or standard number (OCoLC)fst00914091
906 ## - LOCAL DATA ELEMENT F, LDF (RLIN)
a 7
b cbc
c copycat
d 2
e ncip
f 20
g y-gencatlg
925 0# -
-- acquire
-- 1 shelf copy
-- policy default
Holdings
Withdrawn status Lost status Damaged status Not for loan Home library Current library Shelving location Date acquired Total checkouts Full call number Barcode Date last seen Price effective from Koha item type
        Riverside Riverside General stacks 22/03/2026   614.4 LOC-RPL-00077 22/03/2026 22/03/2026 Books